00305nam a2200121Ia 4500008004100000040001600041041001200057082001800069100002100087245003500108260002500143300001500168230917s9999||||xx |||||||||||||| ||und|| e36138aMAIN aEnglish a658.152 G164H aGarbutt, Douglas 0aHow to budget and control cash aEnglandbGowerc1985 axv, 228 p.